Every Manchester United Goal Scorer in the 2009/10 Premier League - Statistics

General Stats
  • This quiz has been taken 24 times
  • The average score is 60 of 75
Answer Stats
Game Scorer % Correct
Birmingham City (H) Rooney
100%
Wigan Athletic (A) Rooney
100%
Wigan Athletic (A) Rooney
100%
Arsenal (H) Rooney
100%
Tottenham Hotspur (A) Rooney
100%
Manchester City (H) Rooney
100%
Blackburn Rovers (H) Rooney
100%
Portsmouth (A) Rooney
100%
Portsmouth (A) Rooney
100%
Portsmouth (A) Rooney
100%
West Ham United (A) Rooney
100%
Wolverhampton Wanderers (H) Rooney
100%
Hull City (A) Rooney
100%
Wigan Athletic (H) Rooney
100%
Burnley (H) Rooney
100%
Hull City (H) Rooney
100%
Hull City (H) Rooney
100%
Hull City (H) Rooney
100%
Hull City (H) Rooney
100%
Arsenal (A) Rooney
100%
Portsmouth (H) Rooney
100%
West Ham United (H) Rooney
100%
West Ham United (H) Rooney
100%
Fulham (H) Rooney
100%
Fulham (H) Rooney
100%
Liverpool (H) Rooney
100%
Wigan Athletic (A) Berbatov
86%
Stoke City (A) Berbatov
86%
Sunderland (H) Berbatov
86%
Blackburn Rovers (H) Berbatov
86%
Hull City (A) Berbatov
86%
Wigan Athletic (H) Berbatov
86%
Burnley (H) Berbatov
86%
Portsmouth (H) Berbatov
86%
Everton (A) Berbatov
86%
Fulham (H) Berbatov
86%
Bolton Wanderers (A) Berbatov
86%
Bolton Wanderers (A) Berbatov
86%
Wigan Athletic (A) Nani
86%
Tottenham Hotspur (H) Nani
86%
Sunderland (A) Nani
86%
West Ham United (A) Scholes
82%
Wolverhampton Wanderers (A) Scholes
82%
Manchester City (A) Scholes
82%
Bolton Wanderers (H) Valencia
77%
Everton (H) Valencia
77%
West Ham United (A) Valencia
77%
Wolverhampton Wanderers (H) Valencia
77%
Wigan Athletic (H) Valencia
77%
Wolverhampton Wanderers (H) Vidic
77%
Tottenham Hotspur (A) Anderson
68%
Everton (H) Carrick
68%
Wigan Athletic (H) Carrick
68%
Portsmouth (H) Carrick
68%
Tottenham Hotspur (A) Giggs
68%
Portsmouth (A) Giggs
68%
Tottenham Hotspur (H) Giggs
68%
Tottenham Hotspur (H) Giggs
68%
Stoke City (H) Giggs
68%
Arsenal (A) Park
64%
Liverpool (H) Park
64%
Stoke City (H) Park
64%
Wigan Athletic (H) Rafael
64%
Manchester City (H) Fletcher
59%
Manchester City (H) Fletcher
59%
Everton (H) Fletcher
59%
Stoke City (H) Fletcher
59%
Wigan Athletic (A) Owen
50%
Manchester City (H) Owen
50%
West Ham United (H) Owen
50%
Stoke City (A) O'Shea
45%
West Ham United (A) Gibson
41%
Bolton Wanderers (A) Gibson
41%
Chelsea (H) Macheda
32%
Burnley (H) Diouf
5%
No matching quizzes found
Score Distribution
Percent of People with Each Score
Percentile by Number Answered
Your Score History
You have not taken this quiz